| 000 | 00750cam a22002533a 4500 | ||
|---|---|---|---|
| 001 | 27453 | ||
| 003 | PGUSA | ||
| 005 | 20140828083607.0 | ||
| 008 | 081208s2008||||xxu|||||s|||||000 1 eng d | ||
| 040 |
_aPGUSA _beng |
||
| 042 | _adc | ||
| 050 | 4 | _aPR | |
| 100 | 1 |
_aGoodchild, George, _d1888- |
|
| 245 | 1 | 0 |
_aColorado Jim _h[electronic resource] / _cGeorge Goodchild |
| 260 |
_bProject Gutenberg, _c2008 |
||
| 506 | _aPublic domain in the USA. | ||
| 516 | _aElectronic text | ||
| 653 | _aAmericans -- England -- Fiction | ||
| 653 | _aMarried people -- Fiction | ||
| 653 | _aKlondike River Valley (Yukon) -- Gold discoveries -- Fiction | ||
| 830 | 0 |
_aProject Gutenberg _v27453 |
|
| 856 | 4 | 0 | _uhttp://www.gutenberg.org/ebooks/27453 |
| 942 | _cEB | ||
| 999 |
_c256708 _d256708 |
||